000 00432pab a2200157 454500
008 180718b2004 xxu||||| |||| 00| 0 eng d
100 _aPant, Deepak
245 _aDynamic equilibrium approach: a reorientation of agricultural education system
260 _c2004
300 _ap.66-68.
362 _a30 Aug
650 _aAgricultural education
700 _aJoshi, Chandra Prakash
773 _aUniversity News
909 _a62363
999 _c62363
_d62363